| 000 | 00472nam a2200169Ia 4500 | ||
|---|---|---|---|
| 003 | GCL | ||
| 008 | 140319s9999 xx 000 0 ara d | ||
| 040 |
_aGCL / _cGCL |
||
| 082 | 0 | 4 |
_a416 _bا ا |
| 100 | 1 | _aاحمد سليمان ياقوت | |
| 245 | 1 | 0 |
_aالاوزان الشعرية / _cاحمد سليمان ياقوت |
| 300 | _a160 ص | ||
| 490 |
_aكتاب _v0 |
||
| 650 | 0 | 4 | _aالشعر العربى |
| 650 | 0 | 4 | _aالاوزان الشعرية |
| 942 |
_2ddc _cBK |
||
| 999 |
_c41891 _d41891 |
||